=LDR 00000nam 2200000 4500 =001 INLIS000000000027569 =005 20130612125931 =008 ***********************************Ind** =035 ##$$0010-061300000027569 =041 ##$$a Ind =082 ##$$a 646.3 =090 ##$$a 646.3, Jum k =100 ##$$a Jumanta =245 ##$$a Kaos inspirasi motif modern dan kata kata, Jumanta;Penyunting,Tity Rahmawati =260 ##$$a 2004 $b Jakarta =300 ##$$a 88 hlm, ilus, 28 cm =650 ##$$a Kaos =700 ##$$a Rohmawati,Tety =850 ##$$a NBPNMAT